| 000 | 00605nam a2200181Ia 4500 | ||
|---|---|---|---|
| 003 | IN-BaIIA | ||
| 008 | 211028s9999 xx 000 0 eng d | ||
| 020 | _a0-471-02997-1 | ||
| 040 | _cIIA Library | ||
| 080 |
_a530.1 _bDIR |
||
| 100 | _aDirac, P. A. M | ||
| 245 | 0 |
_aDirections in physics _blectures delivered during a visit to Australia and Newzeland August/ Sept.ember 1975 _cP. A. M. Dirac |
|
| 260 |
_aNew York _bWiley-Interscience _c1978 |
||
| 300 | _aix, 95p. | ||
| 650 | _aAstronomy and astrophysics thesaurus | ||
| 650 |
_aPhysics _973 |
||
| 942 | _cBK | ||
| 999 |
_c6069 _d6069 |
||